书目信息 |
| 题名: |
科尔沁旗草原
|
|
| 作者: | 端木蕻良 著 | |
| 分册: | ||
| 出版信息: | 北京 人民文学出版社 1997.06 |
|
| 页数: | 410页 | |
| 开本: | 32开 | |
| 丛书名: | ||
| 单 册: | ||
| 中图分类: | I247.5 | |
| 科图分类: | ||
| 主题词: | 小说--中国 | |
| 电子资源: | ||
| ISBN: | 7-02-001955-2 | |
| 000 | 00547nam0 2200193 45 | |
| 001 | 0009272019 | |
| 005 | 20001022082452.5 | |
| 010 | @a7-02-001955-2@d17.00元 | |
| 100 | @a20000927d1997 km y0chiy0120 ea | |
| 101 | 0 | @achi |
| 105 | @a z 000yy | |
| 200 | 1 | @a科尔沁旗草原@AKe Er Qin Qi Cao Yuan@f端木蕻良 著@FDuan Mu Hong Liang Zhu |
| 210 | @a北京@c人民文学出版社@d1997.06 | |
| 215 | @a410页@d32开 | |
| 606 | 0 | @a小说@x中国 |
| 690 | @aI247.5@v3 | |
| 701 | 0 | @a端木蕻良@4著 |
| 801 | @aCN@bPftUser@c20000927 | |
| 905 | @dI247.5@eD324@b181101-105@f5 | |
| 科尔沁旗草原/端木蕻良 著.-北京:人民文学出版社,1997.06 |
| 410页;32开 |
| ISBN 7-02-001955-2:17.00元 |
| ● |
| 相关链接 |
|
|
|
正题名:科尔沁旗草原
索取号:I247.5/D324
 
预约/预借
| 序号 | 登录号 | 条形码 | 馆藏地/架位号 | 状态 | 备注 |
| 1 | 181101 | 201811012 | 社科二线400B/400B社科库 15排2列6层/ [索取号:I247.5/D324] | 在馆 | |
| 2 | 181102 | 201811021 | 文学库108/108文学库 27排4列3层/ [索取号:I247.5/D324] | 在馆 | |
| 3 | 181103 | 201811030 | 文学库108/108文学库 27排4列3层/ [索取号:I247.5/D324] | 在馆 | |
| 4 | 181104 | 201811049 | 文学库108/108文学库 27排4列3层/ [索取号:I247.5/D324] | 在馆 | |
| 5 | 181105 | 201811058 | 社科二线400B/400B社科库 15排2列6层/ [索取号:I247.5/D324] | 在馆 |